Postal codes Switzerland - Statistics

General Stats
  • This quiz has been taken 25 times
  • The average score is 12 of 83
Answers on the Map
Answers color-coded by a green-red scale on the quiz's map according to % correct below.
 
Answer Stats
Answer % Correct
3000
56%
1000
33%
4000
33%
6300
33%
8000
33%
1900
28%
2000
28%
3100
28%
6000
28%
9400
28%
1100
22%
1300
22%
1400
22%
1700
22%
2100
22%
4100
22%
5000
22%
7000
22%
7500
22%
8100
22%
1200
17%
1600
17%
2500
17%
2700
17%
2800
17%
2900
17%
3500
17%
3800
17%
4400
17%
5700
17%
6800
17%
8300
17%
8600
17%
8700
17%
8800
17%
9000
17%
9200
17%
9300
17%
9600
17%
1500
11%
1800
11%
2300
11%
2400
11%
2600
11%
3300
11%
3400
11%
3600
11%
3900
11%
4300
11%
4600
11%
4800
11%
4900
11%
5200
11%
5400
11%
6100
11%
6200
11%
6400
11%
7100
11%
7300
11%
7400
11%
8400
11%
2200
6%
3200
6%
4200
6%
4500
6%
4700
6%
5300
6%
5600
6%
6500
6%
6600
6%
6700
6%
7200
6%
7700
6%
8200
6%
8500
6%
3700
0%
5100
0%
5500
0%
6900
0%
7600
0%
8900
0%
9100
0%
9500
0%
No matching quizzes found
Score Distribution
Percent of People with Each Score
Percentile by Number Answered
Your Score History
You have not taken this quiz